El puesto del hombre en el cosmos /

Guardado en:
Autor Principal: Scheler, Max
Formato: Libro
Publicado: Buenos Aires : Losada, 1979
Edición:14a. ed.
Materias:
Etiquetas: Agregar Etiqueta
Sin Etiquetas, Sea el primero en etiquetar este registro!
LEADER 00550nam a22001695a 4500
001 CEM.cems005874
008 130507s1979##################000#0#####d
005 20241209083659.0
245 1 0 |a El puesto del hombre en el cosmos / 
250 |a 14a. ed. 
260 |a Buenos Aires :  |b Losada,  |c 1979 
300 |a 118 p. 
505 0 |a El psicologo clinico y la higiene mental;el psicologo en la comunidad; grupo familiar y psicohigiene 
100 1 |a Scheler, Max 
082 0 4 |a 110 
653 |a Filosofia 
859 |a CEMS  |b BIB. CEMS - 11 de abril  |h 110  |i Sch26a14  |p 11971.83  |t Ej.1